Zefektívnenie činnosti organizácie aplikáciou modelu EFQM autoreferát dizertačnej práce na získanie vedecko-akademickej hodnosti philosophiae doctor v odbore doktorandského štúdia 5.2.57 Kvalita produkcie

Bibliographic Details
Main Author: Gašparík, Marián (Author)
Format: Book
Language:Slovak
PhysicalDescription:33 s. grafy, sch., tab. 21 cm
Published: Bratislava Nakladateľstvo STU 2011
ISBN:9788022734950
Edition:1. vyd.
Series:Edícia kvalifikačných prác
Subjects:

MARC

LEADER 00000nam a2200000 a 4500
001 vtls010280790
003 SK-MaSNL
005 20260301084502.0
008 240315s2011 xo dl f m 000 0 slo
015 |a SNBA2011/07-03974 
020 |a 9788022734950  |q (brož.) 
035 |a 027934F2-F140-4494-B407-08D9CD0D6DA1 
035 |a urn:nbn:sk:snk-amjhx8 
035 |a urn:nbn:sk:snk-am001y9v 
040 |a SNK  |b slo  |c SNK  |e AACR2 
041 0 |a slo  |b eng  |b slo 
044 |a xo  |c SK 
072 7 |a 005  |x Manažment. Riadenie  |2 konspekt 
080 |a 658.5-025.21  |2 2001 
080 |a 005.6  |2 2001 
080 |a (043.3)  |2 2001 
100 1 |a Gašparík, Marián  |4 aut  |9 412977 
245 1 0 |a Zefektívnenie činnosti organizácie aplikáciou modelu EFQM  |b autoreferát dizertačnej práce na získanie vedecko-akademickej hodnosti philosophiae doctor v odbore doktorandského štúdia 5.2.57 Kvalita produkcie  |c Marián Gašparík 
250 |a 1. vyd. 
260 |a Bratislava  |b Nakladateľstvo STU  |c 2011 
300 |a 33 s.  |b grafy, sch., tab.  |c 21 cm 
366 |e 50 výt. Nepredajné 
490 1 |a Edícia kvalifikačných prác 
546 |a Res. slov. a angl. 
650 0 7 |a výrobné systémy  |2 SNKPH  |9 29111 
650 0 7 |a manažment kvality  |2 SNKPH  |9 932 
650 0 7 |a Manufacturing systems  |2 SNKPHeng  |9 275577 
650 0 7 |a Quality management  |2 SNKPHeng  |9 276990 
655 7 |a dizertácie  |2 SNKPH  |9 70277 
655 7 |a Dissertations  |2 SNKPHeng  |9 303036 
810 2 |a Slovenská technická univerzita v Bratislave.  |b Strojnícka fakulta  |t Edícia kvalifikačných prác  |9 184599 
830 0 |a Edícia kvalifikačných prác  |9 320134 
919 |a 978-80-227-3495-0 
958 |a OND 
968 |d 65 
999 |c 663537  |d 665467 
952 |a SNK  |b SNK  |y PREZ  |7 0  |p 17A0703541  |o snkSC 145562  |i snk2011/11964  |8 0  |0 0  |1 0  |4 0  |d 2011-05-24  |l 0  |r 2025-07-15 00:00:00  |w 2026-02-23 
952 |a SNK  |b SNK  |y VYP  |7 0  |p 17A0703542  |o snkSC 145562 D1  |i snk2011/11966  |8 0  |0 0  |1 0  |4 0  |d 2011-05-24  |f 1  |l 0  |r 2026-02-23 19:00:52  |w 2026-02-23